| 000 | 00490nam a22001457a 4500 | ||
|---|---|---|---|
| 005 | 20250717133254.0 | ||
| 008 | 250717b |||||||| |||| 00| 0 eng d | ||
| 050 |
_aTHE HD 58.7 .K67 2014 _bC. 1 |
||
| 100 | _aKOROSE, DANIEL T. | ||
| 245 | _aAN EVALUATION OF THE EFFECTS OF NON FINANCIAL REWARD SYSTEM ON EMPLOYEES PERFORMANCE SURVEY OF CIVIL SERVICE EMPLOYEE IN NAROK COUNTY | ||
| 260 |
_aKISII _bKSU _c2014 |
||
| 300 | _aX, 50P.,ILL; | ||
| 500 | _aINCLUDES REFERENCES | ||
| 942 |
_2lcc _cREF |
||
| 999 |
_c215924 _d215924 |
||